000 01082naa a22002777a 4500
001 BR9510938
003 BR-BrBNA
005 20240918181450.0
007 ta
008 230509b bl.||||| |||| 00| 0 por d
040 _aBR-BrBNA
_bpor
_cBiblioteca Nacional de Agricultura
041 _a(Pt)
072 _aN20; J10
090 _aN20 BR9510938
110 1 _aCompanhia Estadual de Silos e Armazens, Porto Alegre, RS (Brasil)
_92437
111 1 _a1. Seminario Nacional de Armazenagem
_cPorto Alegre, RS (Brazil)
_d19-22 Aug 1974
245 1 _aEstudo sobre a vida util, teorica e estimada dos componentes do ativo imobilizado de unidades armazenadoras
260 3 _aPorto Alegre, RS (Brasil):
_c1974.
500 _a1. Seminario Nacional de Armazenagem. Anais Porto Alegre, RS (Brasil): 1974. p. 120-129 (BR9510938-AM)N20
650 _aArmazem
650 _aSilo
650 _aEquipamento
773 0 _t1. Seminario Nacional de Armazenagem. Anais
_wN20 BR9510938
_gPorto Alegre, RS (Brasil), 1974. p. 120-129
909 _a202404
_bLucia
_c55
_dLucia Elande
942 _cAM
_2AGRIS
999 _c325379
_d325379